The United States and the World Court

Kaydedildi:
Detaylı Bibliyografya
Yazar: Fleming, Denna Frank
Materyal Türü: Kitap
Dil:Undetermined
Baskı/Yayın Bilgisi: Garden City, New York Doubleday, Doran 1945
Konular:
Etiketler: Etiketle
Etiket eklenmemiş, İlk siz ekleyin!
Thư viện lưu trữ: Trung tâm Học liệu Trường Đại học Cần Thơ
LEADER 00526nam a2200181Ia 4500
001 CTU_86107
008 210402s9999 xx 000 0 und d
082 |a 341.1 
082 |b F598 
100 |a Fleming, Denna Frank 
245 4 |a The United States and the World Court 
245 0 |c Denna Frank Fleming. 
260 |a Garden City, New York 
260 |b Doubleday, Doran 
260 |c 1945 
650 |a Permanent court of international justice 
904 |i Năm 
980 |a Trung tâm Học liệu Trường Đại học Cần Thơ